Počiatočná a následná výživa dojčiat
Salvato in:
| Autore principale: | |
|---|---|
| Altri autori: | |
| Natura: | Manoscritto Libro |
| Lingua: | slovacco |
| Soggetti: | |
| Accesso online: | http://is.stuba.sk/zp/portal_zp.pl?podrobnosti=82799 |
| Tags: |
Nessun Tag, puoi essere il primo ad aggiungerne!!
|
MARC
| LEADER | 00000ntm a22000003a 4500 | ||
|---|---|---|---|
| 001 | stuzp47070 | ||
| 003 | SK-STU | ||
| 005 | 20160229160118.4 | ||
| 007 | ta | ||
| 008 | 150427s2015----xo-----f-mn---000-0-slo-d | ||
| 040 | |a STU |b slo | ||
| 041 | 0 | |a slo | |
| 100 | 1 | |a Dančíková, Lenka |u 043360 |4 aut |U FCHPT Ústav biochémie, výživy a ochrany zdravia |T FCHPT Oddelenie výživy a hodnotenia potravín |X 43490 |U C3360 |Y 114 |7 43490 | |
| 242 | 0 | 1 | |a Human milk, infant and follow-on formulae |y eng |
| 245 | 1 | 0 | |a Počiatočná a následná výživa dojčiat |
| 650 | 4 | |a materské mlieko |2 slo | |
| 650 | 4 | |a odporúčaná denná dávka |2 slo | |
| 650 | 4 | |a dojčatá; |2 slo | |
| 650 | 4 | |a initial nutrition |2 eng | |
| 650 | 4 | |a recommended dietary intake |2 eng | |
| 650 | 4 | |a infants |2 eng | |
| 700 | 1 | |a Hybenová, Eva, |d 1967- |4 ths |X 3897 |7 A000003897 | |
| 856 | 4 | |u http://is.stuba.sk/zp/portal_zp.pl?podrobnosti=82799 | |
| SQL | |a stuzp47070 |b DBP |c SLO |d Počiatočná a následná výživa dojčiat |e 43490 |f Dančíková, Lenka |g 043360 |h 3897 |i Hybenová, Eva |j 20140717 |k 520 |l 04 |m http://is.stuba.sk/zp/portal_zp.pl?podrobnosti=82799 | ||